|
|
|
|
| LEADER |
00000nam a2200000 a 4500 |
| 001 |
vtls001333187 |
| 003 |
SK-MaSNL |
| 005 |
20260301065931.0 |
| 008 |
251124s1997 UA b 0 ukr |
| 020 |
|
|
|c [55,00]
|
| 035 |
|
|
|a SNK000286105
|
| 040 |
|
|
|a SNK
|b slo
|c SNK
|e AACR2
|
| 044 |
|
|
|a UA
|
| 080 |
|
|
|a 012 Meženko, Ju. O.
|2 1981
|
| 080 |
|
|
|a 016 Meženko, Ju. O.
|2 1981
|
| 100 |
1 |
|
|a Strišenec', Nadija
|4 aut
|9 385398
|
| 245 |
1 |
0 |
|a Bibliohrafična spadščyna Jurija Meženka
|c Nadija Strišenec'
|
| 260 |
|
|
|a Kyjiv
|b Nacional'na biblioteka imeni V. I. Vernads'koho
|c 1997
|
| 300 |
|
|
|a 141 s.
|c 20 cm
|
| 600 |
1 |
|
|a Meženko, Jurij Oleksijovyč
|d 1892-1969
|x život a dielo
|x bibliografie
|2 SNK
|9 385399
|
| 999 |
|
|
|c 632532
|d 634462
|
| 952 |
|
|
|t P60, <04>, [BOOK], {604}
|a SNK
|b SNK
|y VYP
|7 0
|p 17A0140842
|o snkID 96328
|i snkV 713/98
|0 0
|1 0
|4 0
|d 1998-06-03
|l 0
|r 2005-01-02 00:00:00
|w 2026-02-23
|